000 00681nam a2200217Ia 4500
005 20241129104256.0
008 241129s9999||||xx |||||||||||||| ||und||
020 _a9780691217567
037 _aTextual
040 _aRTL
_beng
_cRTL
041 _aeng
_2eng
084 _aY:582.4691 R1
_qRTL
100 _aIskander Natasha
_9725561
245 0 _aDoes skill make us human? Migrant workers in 21st-Century Qatar and beyond
_cIskander Natasha
260 _aOxford
_bPrinceton University Press
_c2021
300 _ax,348p.
365 _aINR
_bRs.2333.54
650 _aMigrant Workers- Qatar
_9725562
942 _cTB
_hY:582.4691 R1
999 _c1225181
_d1225181